Name The Sport of The Term - Statistics

General Stats
  • This quiz has been taken 26 times
  • The average score is 11 of 15
Answer Stats
Term Sport % Correct
Paint The Corner Baseball
86%
Hack-a-Shaq Basketball
86%
Flea Flicker Football
81%
Nutmeg Soccer
81%
Top Of The Key Basketball
76%
Light The Lamp Hockey
76%
Shoot The Mitt Baseball
71%
Frozen Rope Baseball
71%
Take It To The House Football
71%
Flash The Leather Hockey
71%
Down The Pipe Baseball
67%
Charity Stripe Basketball
67%
Tear Drop Basketball
67%
Laying On The Lumber Hockey
67%
Worm Burner Soccer
52%
No matching quizzes found
Score Distribution
Percent of People with Each Score
Percentile by Number Answered
Your Score History
You have not taken this quiz